| 000 | 00991nam a2200229Ia 4500 | ||
|---|---|---|---|
| 003 | OSt | ||
| 005 | 20251205163744.0 | ||
| 008 | 210719s2019 xx 000 0 und d | ||
| 040 | _cAL | ||
| 041 | _aKannada | ||
| 082 | _aT894.8 KESP | ||
| 100 |
_aKESHAVA SHETTI ADURU (K) _dಕೇಶವ ಶೆಟ್ಟಿ ಆಡೂರು (ಕೆ) _9248013 |
||
| 245 |
_aPuratana tulunadina janangagala hinnele mattu sambandhagalu _bಪುರಾತನ ತುಳುನಾಡಿನ ಜನಾಂಗಗಳ ಹಿನ್ನೆಲೆ ಮತ್ತೆ ಸಂಬಂಧಗಳು |
||
| 260 |
_aKasaragodu _bKairali Prakashana _c2019 |
||
| 300 |
_a99 _bPB |
||
| 365 |
_b150 _cRs |
||
| 650 |
_aKannada literature _9248014 |
||
| 650 |
_aಸಂಶೋಧನಾತ್ಮಕ ಅಧ್ಯಯನ Samshodhanatmaka adhyayana _9248015 |
||
| 650 |
_aKannada Miscellaneous _9248016 |
||
| 906 | _a2 ; adhyayana ; Ed ; hinnele ; janangagala ; mattu ; Puratana ; sambandhagalu ; Samshodhanatmaka ; tulunadina | ||
| 942 |
_2ddc _cBK |
||
| 999 |
_c211861 _d211861 |
||